000 00947nam a22002537a 4500
999 _c4945
_d4945
003 AR-CdUCM
008 190311b ||||| |||| 00| 0 spa d
040 _aMUNICIPALIDAD PROVINCIAL DEL CUSCO
_cBIBLIOTECA MUNICIPAL DEL CUSCO
082 _a741.24 /
_bG42
110 _aUnión tipográfica editorial hispano-americana
_915164
245 _aDibujo a mano alzada
260 _aMéxico :
_bUnión tipográfica editorial hispano-americana,
_c1965.
300 _a90 páginas ;
_c25 cm.
440 _aManuales Uteha
_96994
505 _aPrincipios básicos del bosquejo a mano alzada -- Letras y números en un bosquejo -- Construcción de bosquejo de varias visitas -- Bosquejo de cortes...
650 _aDibujo
_915165
650 _aTécnicas de dibujo
_915166
650 _aManual de dibujo
_915167
650 _aArte
_9561
700 _aJ.W. Gianchino
_915168
700 _aHenry J. Beukema
_915169
942 _2ddc
_cLIBROS
945 _admma